000 00782cam a22002531 4500
001 gs 50000250
003 DLC
005 20260227111356.0
008 781122s1950 msua s000 0 eng
010 _ags 50000250
035 _a(OCoLC)4393297
040 _aDLC
_cMsSM
_dDLC
042 _apremarc
050 0 0 _aQE129
_b.A2 no. 69
100 1 _aMellen, Frederic Francis,
_d1911-
245 1 0 _aStatus of Fearn Springs formation.
260 _aUniversity, Miss.,
_c1950.
300 _a20 p.
_billus., fold. diagr.
_c23 cm.
410 2 0 _aMississippi Geological, Economic, and Topographical Survey
_tBulletin,
_vno. 69
504 _a"References": p. 20.
650 0 _aGeology, Stratigraphic
_yTertiary.
650 0 _aGeology
_zMississippi.
740 0 _aFearn Springs formation.
999 _c28496
_d28496